000 01131nam0a22002771 4500
001 rc\4939503
005 20260409062731.0
021 _aRU
_bРг2687-64
035 _a(NLR Aleph) 008850972
090 _a8400205
_c8400205
100 _a20130426d1962 |||y0rusy50 ca
101 0 _arus
102 _aRU
105 _aa z |||||
200 1 _aЭлектроуровнемер ЭВ-1М
_f[Изготовитель: завод тепловых приборов Рязанского совнархоза]
_gМ-во геологии и охраны недр СССР
210 _a[Москва]
_cГосгеолтехиздат
_d1962
215 _a[3] с.
_cсхем.
_d27
225 1 _aГеологоразведочное оборудование и приборы
_vГР 04 01 04
300 _aВ вып. дан. сост.: Н.Ф. Ульянов
702 1 _aУльянов
_bН.Ф.
_4220
712 0 2 _aРязанский завод тепловых приборов
_3RU\NLR\AUTH\8810211641
_9310409
801 0 _aRU
_bNLR
_gpsbo
801 1 _aRU
_bELAR
_2rusmarc
852 _aNLR
_jПт 26.2/278-04-01-04
942 _cBOOK
980 _aNB